Du C dans les langues romanes / (Record no. 156422)
[ view plain ]
| 000 -LEADER | |
|---|---|
| campo de control de longitud fija | 01545nam a22002535i 4500 |
| 001 - NÚMERO DE CONTROL | |
| campo de control | 156422 |
| 003 - IDENTIFICADOR DE NÚMERO DE CONTROL | |
| campo de control | ES-MaACL |
| 005 - FECHA Y HORA DE LA ÚLTIMA TRANSACCIÓN | |
| campo de control | 20250726075512.0 |
| 008 - DATOS DE LONGITUD FIJA--INFORMACIÓN GENERAL | |
| campo de control de longitud fija | 040729s1874 fr |||| | fre d |
| 040 ## - FUENTE DE CATALOGACIÓN | |
| Centro catalogador/agencia de origen | CAM |
| Lengua de catalogación | spa |
| Centro/agencia transcriptor | CAM |
| 080 ## - NÚMERO DE LA CLASIFICACIÓN DECIMAL UNIVERSAL | |
| Número de la Clasificación Decimal Universal | 821.13'342.3 |
| 100 1# - ENTRADA PRINCIPAL--NOMBRE DE PERSONA | |
| Nombre de persona | Joret, Charles. |
| 9 (RLIN) | 128351 |
| 245 10 - MENCIÓN DEL TÍTULO | |
| Título | Du C dans les langues romanes / |
| Mención de responsabilidad, etc. | par Charles Joret. |
| 260 ## - PUBLICACIÓN, DISTRIBUCIÓN, ETC. | |
| Lugar de publicación, distribución, etc. | Paris : |
| Nombre del editor, distribuidor, etc. | Librairie A. Franck, F. Vieweg, propriètaire, |
| Fecha de publicación, distribución, etc. | 1874 ( |
| Lugar de fabricación/manufactura | Nogent-le-Rotrou : |
| Fabricante | Imprimerie de A. Gouverneur) |
| 300 ## - DESCRIPCIÓN FÍSICA | |
| Extensión | XX, 344 p. ; |
| Dimensiones | 24 cm. |
| 490 1# - MENCIÓN DE SERIE | |
| Mención de serie | Collection philologique. Recueil de travaux originaux ou traduits relatifs à la philologie & à l'histoire littéraire. Nouvelle série ; |
| Designación de volumen o secuencia | 8 |
| 490 1# - MENCIÓN DE SERIE | |
| Mención de serie | Bibliothèque de l'Ecole des hautes études. Sciences historiques et philologiques ; |
| Designación de volumen o secuencia | fasc. 16 |
| 598 ## - NOTA LOCAL | |
| Nota local | También se publicó en la Bibliothèque de l'Ecole des Hautes Etudes. Sciences historiques et philologiques ; 16. |
| 650 04 - PUNTO DE ACCESO ADICIONAL DE MATERIA--TÉRMINO DE MATERIA | |
| Término de materia o nombre geográfico como elemento de entrada | Lenguas románicas. |
| 9 (RLIN) | 14367 |
| 830 0# - PUNTO DE ACCESO ADICIONAL DE SERIE-TÍTULO UNIFORME | |
| Título uniforme | Collection philologique. Recueil de travaux originaux ou traduits relatifs à la philologie & à l'histoire littéraire. Nouvelle série ; |
| Designación de volumen o secuencia | 8 |
| 9 (RLIN) | 221668 |
| 830 00 - PUNTO DE ACCESO ADICIONAL DE SERIE-TÍTULO UNIFORME | |
| Título uniforme | Bibliothèque de l'École des Hautes Études. Sciences historiques et philologiques |
| Designación de volumen o secuencia | fasc. 16 |
| 9 (RLIN) | 229685 |
| 852 ## - LOCALIZACIÓN | |
| Ubicación | ES-MaACL |
| Número de control de estantería | C-7560 |
| Nota libre | -- Enc. hol., conservando la cub. original |
| -- | -- En la cub. y en la port. de la serie está tachado el número de la serie 8 por 16, que es el que le corresponde en la serie Bibliothèque de l'Ecole des Hautes Etudes |
| Estatus retirado | Estado de pérdida | Estado de daño | No para préstamo | Colección | Biblioteca de origen | Biblioteca actual | Ubicación en estantería | Fecha de adquisición | Total de préstamos | Signatura topográfica completa | Código de barras | Visto por última vez | Precio de reemplazo | Tipo de ítem Koha |
|---|---|---|---|---|---|---|---|---|---|---|---|---|---|---|
| Libros del s. XIX | Biblioteca del Ateneo de Madrid | Biblioteca del Ateneo de Madrid | Sala Palomar | 17/01/2008 | C-7560 | 1163652 | 23/02/2023 | 23/02/2023 | Libro impreso antiguo |
